| 000 | 02203nam a2200373 a 4500 | ||
|---|---|---|---|
| 001 | 000044837 | ||
| 003 | DO-SdBNP | ||
| 005 | 20250219170734.0 | ||
| 007 | ta | ||
| 008 | 090629s2012 dr ad fr i001 e spa d | ||
| 040 |
_aDO-SdBNP _bspa _cBNPHU _erda |
||
| 082 | 4 |
_bS471d _222 |
|
| 111 | 2 |
_aSeminario sobre desarrollo territorial, transparencia e institucionalidad _d(5-6 de julio de 2011 : _cSanto Domingo, República Dominicana) _972851 |
|
| 245 | 1 | 0 |
_aDesarrollo territorial, transparencia e institucionalidad / _cPrólogo, Michel Bouvier, Marie-Christine Esclassan; traductor, Esther A. Veras Mena. |
| 264 |
_aSanto Domingo : _bMinisterio de Economía, Planificación y Desarrollo, _c2012 |
||
| 300 |
_a154 páginas ; _c23 cm. _e+CD - Room |
||
| 336 |
_2rdacontent _atexto _btxt |
||
| 337 |
_2rdamedia _asin mediación _bn |
||
| 338 |
_2rdacarrier _avolumen _bnc |
||
| 500 | _aIncluye bibliografía y notas al pié de páginas. | ||
| 500 | _aIncluye CD-rom en uno de los ejemplares. | ||
| 505 |
_aIntroducción y Agradecimiento.-- Prólogo.-- Programa del Seminario.-- Transcripción de las Exposiciones. _tActo de Inauguración.-- _tPrimera Mesa Redonda: "¿Cómo hacer posible el desarrollo territorial?".-- _tSegunda Mesa Redonda: "Los servicios públicos locales y su impacto en el desarrollo: experiencias internacionales.-- _tTercera Mesa Redonda: "Transparencia financiera y acción participativa como garantía para el desarrollo territorial.-- _tCuarta Mesa Redonda: "El desarrollo en el República Dominicana: situación y desarrollo _tActo de Clausura.-- _tÍndice. |
||
| 590 | _aInventariado 2024 / MF | ||
| 650 | 4 |
_91431 _aDesarrollo Territorial _vCongresos, Conferencias, etc. |
|
| 651 | 4 |
_981922 _aRepública Dominicana _vDesarrollo Territorial |
|
| 651 | 4 |
_981689 _a República Dominicana _vPlanes de desarrollo _y2010 - 2030 |
|
| 700 | 1 |
_aBouvier, Michel, _eprólogo _983100 |
|
| 700 | 1 |
_a Esclassan, Marie-Christine _epról. _983101 |
|
| 700 | 1 |
_aVeras Mena, Esther A. _etrad. _983102 |
|
| 710 | 1 |
_aRepública Dominicana. _bMinisterio de Economía, Planificación y Desarrollo _966142 |
|
| 710 | 1 |
_aAgencia Francesa para el Desarrolo _983103 |
|
| 910 | _aMFeliz | ||
| 942 |
_2ddc _cLBS1 |
||
| 999 |
_c44326 _d44326 |
||